Widok standardowy
Widok MARC
Pozycja Corporate Name
Liczba rekordów, w których użyto hasła: 2
001 - Numer kontrolny
- control field: 15649
003 - Identyfikator numeru kontrolnego
- control field: OLSZT 008
005 - Data i czas ostatniej modyfikacji
- control field: 20241220220013.0
008 - Dane kontrolne kodowane (40 znaków)
- fixed length control field: 080226n||a| nnaabn |a ana |c
010 ## - Numer kontrolny Biblioteki Kongresu
- numer kontrolny LC: n 2008031140
024 7# - OTHER STANDARD IDENTIFIER
- Standard number or code: http://viaf.org/viaf/37153182747626792138
- Source of number or code: uri
039 #9 -
- : 202303130014
- : VLOAD
- : 202303100502
- : VLOAD
- : 201505120014
- : VLOAD
- : 201505110540
- : VLOAD
- : 200802261138
- : umk
040 ## - Instytucja sporządzająca rekord
- inst. przygot. dane do rek. khw: TOR U/TL
- inst. wprow. rek. khw: TOR U/TLs
099 ## - Sygnatura lokalna
- sygnatura: n (hh)08tl136
110 2# - Hasło - nazwa ciała zbiorowego
- nazwa ciała zbior. lub geogr. na pocz.: "Stanica" Zrzeszenie Regionalne Kaszubów.
410 2# - Trop zob. - nazwa ciała zbiorowego
- nazwa ciała zbior. lub geogr. na pocz.: "Stanica" Zrzeszenie Regionalne Kaszubów w Gdyni.
410 2# - Trop zob. - nazwa ciała zbiorowego
- nazwa ciała zbior. lub geogr. na pocz.: Stowarzyszenie "Stanica" Zrzeszenie Regionalne Kaszubów w Gdyni.
410 2# - Trop zob. - nazwa ciała zbiorowego
- nazwa ciała zbior. lub geogr. na pocz.: "Stanica" ZRK.
665 ## - Nota historyczna
- nota historyczna: "Stanica" Zrzeszenie Regionalne Kaszubów powstała w 1938 z połączenia "Stanicy" toruńskiej powstałej w 1936 i Zrzeszenia Regionalnego Kaszubów w Gdyni (powołanego w 1937).
670 ## - Źródło informacji
- źródło informacji: Pro memoria : Edmund Jonas (1893-1940) / zebrał i oprac. Józef Borzyszkowski. - Gdańsk, 2007.
- gdzie znaleziono informację: s. 208 Statut
999 ## -
- : VIRTUA x
999 ## -
- : VTLSSORT0080*0100*0400*0990*1100*4100*4101*4102*6650*6700*9100*9992